Využitie 3D tlače a zníženie nákladov v podniku bakalárska práca

Salvato in:
Dettagli Bibliografici
Autore principale: Latinák, Šimon
Ente Autore: Fakulta hospodárskej informatiky EU. Katedra aplikovanej informatiky
Altri autori: Procházka, Peter, 1968-
Natura: Libro
Lingua:slovacco
Pubblicazione: Bratislava 2019
Tags: Aggiungi Tag
Nessun Tag, puoi essere il primo ad aggiungerne!!

MARC

LEADER 00000nbm a2200000 4500
001 0257900
005 20191206094941.3
041 0 |a slo 
044 |a SK 
245 1 0 |a Využitie 3D tlače a zníženie nákladov v podniku  |b bakalárska práca  |c Šimon Latinák ; školiteľ: Peter Procházka 
264 1 |a Bratislava  |c 2019 
300 |a 53 s. 
100 1 |a Latinák, Šimon 
700 1 |a Procházka, Peter, 1968- 
710 2 |a Fakulta hospodárskej informatiky EU. Katedra aplikovanej informatiky